Přímé normy jako prostředek právní úpravy občanskoprávních vztahů s mezinárodním prvkem
Gespeichert in:
| 1. Verfasser: | |
|---|---|
| Format: | Buch |
| Sprache: | Tschechisch |
| Veröffentlicht: |
Praha
Universita Karlova
1980
|
| Tags: |
Keine Tags, Fügen Sie das erste Tag hinzu!
|
MARC
| LEADER | 00000nam a2200000 4500 | ||
|---|---|---|---|
| 001 | c142543 | ||
| 005 | 20250515073254.6 | ||
| 041 | 0 | |a cze | |
| 044 | |a CZ | ||
| 245 | 1 | 0 | |a Přímé normy jako prostředek právní úpravy občanskoprávních vztahů s mezinárodním prvkem |c Zdeněk Kučera |
| 264 | 1 | |a Praha |b Universita Karlova |c 1980 | |
| 300 | |a 95 s. | ||
| 100 | 1 | |a Kučera, Zdeněk | |